Score 0/16 Timer 10:00
0 Plays Today
% Correct
fruitless
76.6%
fear
75%
Fleance
75%
enemy
71.9%
tonight
70.3%
kings
68.8%
safely
64.1%
grave
60.9%
% Correct
worst
54.7%
resolved
54.7%
reckless
53.1%
men
50%
fortune
48.4%
life
48.4%
business
43.8%
eye
43.8%
Remove Ads.
Support Sporcle.
Get the best of Sporcle when you Go Orange. This ad-free experience offers more features, more stats, and more fun while also helping to support Sporcle. Thank you for becoming a member.

You're not logged in!

Compare scores with friends on all Sporcle quizzes.
OR
Log In

Show Comments

Extras

Created Jan 16, 2015ReportNominate
Tags:Clickable Quiz, macbeth, Murderer

Top Quizzes Today


Score Distribution

Your Account Isn't Verified!

In order to create a playlist on Sporcle, you need to verify the email address you used during registration. Go to your Sporcle Settings to finish the process.

Report this User

Report this user for behavior that violates our Community Guidelines.

Details: